000
00177nam a22000857a 4500
999
_c
41161
_d
41161
100
_a
Kripalalosing
245
_a
BAl Niti Kahaniyan
260
_b
Sindhi Navidhan
_c
1960
942
_c
BK